MARC details
| 000 -LEADER |
| fixed length control field |
01430cam a2200397 a 4500 |
| 001 - CONTROL NUMBER |
| control field |
calvinhobbes00watt |
| 003 - CONTROL NUMBER IDENTIFIER |
| control field |
CaSfIA |
| 005 - DATE AND TIME OF LATEST TRANSACTION |
| control field |
20230525154839.0 |
| 007 - PHYSICAL DESCRIPTION FIXED FIELD--GENERAL INFORMATION |
| fixed length control field |
cr|||| |
| 008 - FIXED-LENGTH DATA ELEMENTS--GENERAL INFORMATION |
| fixed length control field |
861030s1987 moua j 000 1 eng |
| 010 ## - LIBRARY OF CONGRESS CONTROL NUMBER |
| LC control number |
86072792 |
| 040 ## - CATALOGING SOURCE |
| Original cataloging agency |
DLC |
| Transcribing agency |
DLC |
| Modifying agency |
WIA |
| -- |
OCLCQ |
| -- |
BAKER |
| -- |
BTCTA |
| -- |
YDXCP |
| -- |
FMO |
| -- |
CaSfIA |
| 020 ## - INTERNATIONAL STANDARD BOOK NUMBER |
| International Standard Book Number |
0836220889 (pbk.) |
| 020 ## - INTERNATIONAL STANDARD BOOK NUMBER |
| International Standard Book Number |
9780836220889 (pbk.) |
| 035 ## - SYSTEM CONTROL NUMBER |
| System control number |
(OCoLC)15208140 |
| 042 ## - AUTHENTICATION CODE |
| Authentication code |
lcac |
| 050 00 - LIBRARY OF CONGRESS CALL NUMBER |
| Classification number |
PN6728.C34 |
| Item number |
W38 1987 |
| 082 00 - DEWEY DECIMAL CLASSIFICATION NUMBER |
| Classification number |
741.5/973 |
| Edition number |
19 |
| 082 14 - DEWEY DECIMAL CLASSIFICATION NUMBER |
| Classification number |
Fic |
| Edition number |
19 |
| 029 1# - OTHER SYSTEM CONTROL NUMBER (OCLC) |
| OCLC library identifier |
NLGGC |
| System control number |
047344016 |
| 029 1# - OTHER SYSTEM CONTROL NUMBER (OCLC) |
| OCLC library identifier |
NZ1 |
| System control number |
3550001 |
| 029 1# - OTHER SYSTEM CONTROL NUMBER (OCLC) |
| OCLC library identifier |
AU@ |
| System control number |
000005864571 |
| 100 1# - MAIN ENTRY--PERSONAL NAME |
| Personal name |
Watterson, Bill. |
| 240 10 - UNIFORM TITLE |
| Uniform title |
Calvin and Hobbes. |
| Form subheading |
Selections |
| 245 10 - TITLE STATEMENT |
| Title |
Calvin and Hobbes / |
| Medium |
[electronic resource] |
| Statement of responsibility, etc. |
by Bill Watterson ; [foreword by Garry Trudeau]. |
| 260 ## - PUBLICATION, DISTRIBUTION, ETC. |
| Place of publication, distribution, etc. |
Kansas City [Mo.] : |
| Name of publisher, distributor, etc. |
Andrews, McMeel & Parker, |
| Date of publication, distribution, etc. |
c1987. |
| 300 ## - PHYSICAL DESCRIPTION |
| Extent |
127 p. : |
| Other physical details |
ill. ; |
| Dimensions |
23 cm. |
| 520 ## - SUMMARY, ETC. |
| Summary, etc. |
A collection of comic strips following the adventures of Calvin and his stuffed tiger Hobbes. |
| 650 #1 - SUBJECT ADDED ENTRY--TOPICAL TERM |
| Topical term or geographic name entry element |
Tigers |
| Form subdivision |
Fiction. |
| 650 #1 - SUBJECT ADDED ENTRY--TOPICAL TERM |
| Topical term or geographic name entry element |
Toys |
| Form subdivision |
Fiction. |
| 650 #1 - SUBJECT ADDED ENTRY--TOPICAL TERM |
| Topical term or geographic name entry element |
Cartoons and comics. |
| 655 #0 - INDEX TERM--GENRE/FORM |
| Genre/form data or focus term |
Comic books, strips, etc. |
| 650 #0 - SUBJECT ADDED ENTRY--TOPICAL TERM |
| Topical term or geographic name entry element |
Comic books, strips, etc. |
| 856 41 - ELECTRONIC LOCATION AND ACCESS |
| Uniform Resource Identifier |
<a href="http://www.archive.org/details/calvinhobbes00watt">http://www.archive.org/details/calvinhobbes00watt</a> |
| Public note |
Free eBook from the Internet Archive |
| 856 42 - ELECTRONIC LOCATION AND ACCESS |
| Uniform Resource Identifier |
<a href="http://www.openlibrary.org/books/OL2747063M">http://www.openlibrary.org/books/OL2747063M</a> |
| Public note |
Additional information and access via Open Library |